000
00450nam a2200181Ia 4500
008
090124s9999 xx 000 0 und d
082
_b
9531
_a
1195
100
_a
साटम दत्ता
245
_a
इभ्रत
250
_a
1
260
_c
1957
300
_a
71
600
_a
साटम दत्ता
630
_a
इभ्रत
700
_a
साटम दत्ता
730
_a
इभ्रत
942
_c
BOOK
999
_c
123584
_d
123584